Library Banner

Scenario planning for cities and regions : (Record no. 121868)

MARC details
000 -LEADER
fixed length control field 00581cam a22001938i 4500
001 - CONTROL NUMBER
control field 21296146
005 - DATE AND TIME OF LATEST TRANSACTION
control field 20210408165901.0
008 - FIXED-LENGTH DATA ELEMENTS--GENERAL INFORMATION
fixed length control field 191108s2020 mau b 001 0 eng
020 ## - INTERNATIONAL STANDARD BOOK NUMBER
International Standard Book Number 9781558444003
040 ## - CATALOGING SOURCE
Transcribing agency PK-LaUMT
082 00 - DEWEY DECIMAL CLASSIFICATION NUMBER
Classification number 711.4
Item number GOO-S
100 1# - MAIN ENTRY--PERSONAL NAME
Personal name Goodspeed, Robert
245 10 - TITLE STATEMENT
Title Scenario planning for cities and regions :
Remainder of title managing and envisioning uncertain futures /
Statement of responsibility, etc by Robert Goodspeed
260 ## - PUBLICATION, DISTRIBUTION, ETC. (IMPRINT)
Place of publication, distribution, etc Cambridge :
Name of publisher, distributor, etc Lincoln Institute of Land Policy,
Date of publication, distribution, etc 2020
300 ## - PHYSICAL DESCRIPTION
Extent 240 p.
650 #0 - SUBJECT ADDED ENTRY--TOPICAL TERM
Topical term or geographic name as entry element City planning.
650 #0 - SUBJECT ADDED ENTRY--TOPICAL TERM
Topical term or geographic name as entry element Regional planning.
942 ## - ADDED ENTRY ELEMENTS (KOHA)
Koha item type Books
Holdings
Withdrawn status Lost status Damaged status Home library Current library Date acquired Full call number Barcode Date last seen Price effective from Koha item type
      UMT Main Campus UMT Main Campus 2021-04-07 711.4 GOO-S 137279 2023-05-08 2021-04-07 Books